[Event "Latin Cup"]
[Site "Montevideo"]
[Date "2011.11.05"]
[Round "7"]
[White "Lopez Durand, Cezar"]
[Black "Zoppolo, Cedric"]
[Result "1-0"]
[WhiteElo "1758"]
[BlackElo "1744"]
[PlyCount "63"]
[EventDate "2011.11.01"]
[EventType "swiss"]
[EventRounds "9"]
[EventCountry "URU"]
[SourceTitle "EXT 2012"]
[Source "ChessBase"]
[SourceDate "2011.11.24"]
[SourceVersion "1"]
[SourceVersionDate "2011.11.24"]
[SourceQuality "1"]

1. d4 Nf6 2. Bf4 d5 3. Nf3 Nc6 4. e3 g6 5. h4 Nh5 6. Bh2 Bg4 7. Be2 e6 8. c3 Bxf3 9. Bxf3 Qxh4 10. Bxh5 gxh5 11. Nd2 Rg8 12. Qf3 Rg7 13. 0-0-0 0-0-0 14. Bxc7 Qg4 15. Bxd8 Kxd8 16. Rxh5 Qxg2 17. Qxg2 Rxg2 18. Rxh7 Rxf2 19. Rf1 Rxf1+ 20. Nxf1 Ke8 21. Kd2 b5 22. Kd3 b4 23. c4 a5 24. cxd5 b3 25. axb3 Nb4+ 26. Kc4 Nxd5 27. e4 Nf6 28. Rh4 Be7 29. Nd2 Bb4 30. Nf3 Ke7 31. Ne5 Be1 32. Rf4 1-0

[Event "Latin Cup"]
[Site "Montevideo"]
[Date "2011.11.04"]
[Round "6"]
[White "Muzzi, Eduardo"]
[Black "Lopez Durand, Cezar"]
[Result "1-0"]
[WhiteElo "2019"]
[BlackElo "1758"]
[PlyCount "108"]
[EventDate "2011.11.01"]
[EventType "swiss"]
[EventRounds "9"]
[EventCountry "URU"]
[SourceTitle "EXT 2012"]
[Source "ChessBase"]
[SourceDate "2011.11.24"]
[SourceVersion "1"]
[SourceVersionDate "2011.11.24"]
[SourceQuality "1"]

1. e4 e6 2. d4 d5 3. e5 c5 4. Nf3 Nc6 5. Bd3 Qb6 6. 0-0 c4 7. Be2 Na5 8. c3 Bd7 9. Nbd2 Ne7 10. b3 cxb3 11. axb3 Nf5 12. b4 Nc6 13. Nb3 Nce7 14. Bg5 h6 15. Bd2 g5 16. Ne1 Rc8 17. Nd3 Ng6 18. Nbc5 Bb5 19. Re1 a6 20. Bg4 Ng7 21. Bf3 Qc6 22. Nb2 b6 23. Ncd3 Be7 24. c4 Bxc4 25. Nxc4 Qxc4 26. Rc1 Qxd3 27. Rxc8+ Kd7 28. Rxh8 Nxh8 29. Be2 Qa3 30. Qc2 Nf5 31. Rc1 Bd8 32. Bc3 Nxd4 33. Bxd4 Qxb4 34. Qc6+ Ke7 35. Qd6+ Qxd6 36. exd6+ Kxd6 37. Bxh8 b5 38. Re1 a5 39. Bxb5 Bb6 40. Rc1 Bc5 41. Bg7 Bb4 42. Bxh6 Bd2 43. Rc2 Bb4 44. Bxg5 Ke5 45. Bd2 Kd4 46. h4 Be7 47. h5 e5 48. Bxa5 f5 49. Bb6+ Ke4 50. Re2+ Kf4 51. g3+ Kg5 52. Rxe5 Bf6 53. Be2 Kh6 54. Rxf5 Bd4 1-0

[Event "Latin Cup"]
[Site "Montevideo"]
[Date "2011.11.03"]
[Round "4"]
[White "Magaldi, Nelson"]
[Black "Lopez Durand, Cezar"]
[Result "1-0"]
[WhiteElo "2123"]
[BlackElo "1758"]
[PlyCount "79"]
[EventDate "2011.11.01"]
[EventType "swiss"]
[EventRounds "9"]
[EventCountry "URU"]
[SourceTitle "EXT 2012"]
[Source "ChessBase"]
[SourceDate "2011.11.24"]
[SourceVersion "1"]
[SourceVersionDate "2011.11.24"]
[SourceQuality "1"]

1. e4 e6 2. d4 d5 3. Nc3 Nf6 4. Bg5 Be7 5. e5 Nfd7 6. Bxe7 Qxe7 7. Qd2 a6 8. Nd1 c5 9. c3 Nc6 10. Nf3 h6 11. Be2 f5 12. exf6 Nxf6 13. 0-0 Ne4 14. Qc2 c4 15. Bxc4 Nxf2 16. Rxf2 dxc4 17. Qg6+ Kd7 18. Ne3 b5 19. d5 Nd8 20. dxe6+ Qxe6 21. Qxg7+ Nf7 22. Qxf7+ Qxf7 23. Ne5+ Ke7 24. Nxf7 Rh7 25. Re1 Kd7 26. Ng4 Kc7 27. Re7+ Kb6 28. Rf6+ Ka5 29. Nge5 h5 30. b3 Rg7 31. Nc6+ Kb6 32. b4 Rxg2+ 33. Kxg2 Bb7 34. Nfe5 a5 35. Kf2 axb4 36. cxb4 Rxa2+ 37. Ke3 Ra3+ 38. Kd4 Rd3+ 39. Nxd3 Bxc6 40. Ne5 1-0

[Event "Managua KPMG Masters"]
[Site "Managua"]
[Date "2011.06.26"]
[Round "5"]
[White "Bravo, William"]
[Black "Lopez Durand, Cezar"]
[Result "1-0"]
[WhiteElo "2239"]
[BlackElo "2215"]
[PlyCount "81"]
[EventDate "2011.06.26"]
[EventType "tourn"]
[EventRounds "9"]
[EventCountry "NCA"]
[SourceTitle "EXT 2024"]
[Source "ChessBase"]
[SourceDate "2023.10.10"]
[SourceVersion "1"]
[SourceVersionDate "2023.10.10"]
[SourceQuality "1"]

1. d4 Nf6 2. c4 g6 3. Nc3 Bg7 4. e4 d6 5. Nf3 0-0 6. h3 e5 7. d5 Na6 8. Bg5 h6 9. Be3 Nh5 10. Qd2 Kh7 11. g4 Qf6 12. Ng5+ hxg5 13. gxh5 gxh5 14. Be2 Qg6 15. Bxg5 f6 16. Be3 Nc5 17. 0-0-0 Bh6 18. Rdg1 Bxe3 19. fxe3 Qh6 20. b4 Na6 21. Nd1 Bd7 22. c5 dxc5 23. Bxa6 bxa6 24. bxc5 Rab8 25. Qa5 Rfc8 26. c6 Be8 27. Qc5 Bg6 28. Qe7+ Qg7 29. Qxg7+ Kxg7 30. Rh2 Kh6 31. Nc3 Rb4 32. Rf2 Rf8 33. Rfg2 Rg8 34. Kc2 Kh7 35. Kd3 f5 36. Rxg6 Rxg6 37. Rxg6 Kxg6 38. d6 fxe4+ 39. Nxe4 Rb8 40. d7 Kf7 41. Nd6+ 1-0

[Event "Managua KPMG Masters"]
[Site "Managua"]
[Date "2011.06.26"]
[Round "4"]
[White "Lopez Durand, Cezar"]
[Black "Espinoza, Jose"]
[Result "1-0"]
[WhiteElo "2215"]
[BlackElo "2128"]
[PlyCount "55"]
[EventDate "2011.06.26"]
[EventType "tourn"]
[EventRounds "9"]
[EventCountry "NCA"]
[SourceTitle "EXT 2024"]
[Source "ChessBase"]
[SourceDate "2023.10.10"]
[SourceVersion "1"]
[SourceVersionDate "2023.10.10"]
[SourceQuality "1"]

1. e4 d5 2. exd5 Qxd5 3. d4 e5 4. Nc3 Qxd4 5. Qxd4 exd4 6. Nb5 Bd6 7. Nxd6+ cxd6 8. Bf4 Nc6 9. Bxd6 Bf5 10. 0-0-0 0-0-0 11. Bc5 b6 12. Ba3 Nf6 13. Nf3 Bg4 14. Bb5 Bxf3 15. gxf3 Ne5 16. Rhe1 Rd5 17. c4 Rxb5 18. cxb5 Nxf3 19. Re7 Rd8 20. Rxa7 Rd5 21. Rxf7 Nxh2 22. Be7 Nd7 23. Rxg7 Nf3 24. Rd3 Nfe5 25. Ra3 d3 26. Rg8+ Kb7 27. Rga8 Nb8 28. R8a7+ 1-0

[Event "Managua KPMG Masters"]
[Site "Managua"]
[Date "2011.06.26"]
[Round "?"]
[White "Lopez Durand, Cezar"]
[Black "Rocha, Maximiliano"]
[Result "0-1"]
[WhiteElo "2215"]
[BlackElo "2217"]
[PlyCount "118"]
[EventDate "2011.06.26"]
[EventType "tourn"]
[EventRounds "9"]
[EventCountry "NCA"]
[SourceTitle "EXT 2024"]
[Source "ChessBase"]
[SourceDate "2023.10.10"]
[SourceVersion "1"]
[SourceVersionDate "2023.10.10"]
[SourceQuality "1"]

1. e4 c5 2. Nf3 d6 3. d4 cxd4 4. Nxd4 Nf6 5. Nc3 a6 6. Be2 e5 7. Nf3 Be7 8. Bg5 Nbd7 9. 0-0 Qc7 10. Qd2 h6 11. Bxf6 Nxf6 12. Nd5 Nxd5 13. Qxd5 Be6 14. Qd2 Qc6 15. Bd3 0-0 16. c4 Bg4 17. Qe2 Qc8 18. h3 Bh5 19. Qe3 Qe6 20. Rac1 Rac8 21. Rfd1 Rc6 22. Be2 Rfc8 23. Rc3 R8c7 24. Rd5 Bg6 25. Nd2 Bg5 26. Qf3 Bf4 27. g4 Qc8 28. Rcd3 Qe6 29. b3 f6 30. c5 dxc5 31. Rd8+ Kh7 32. Nc4 b5 33. Ne3 c4 34. bxc4 bxc4 35. Rc3 Qe7 36. Rd1 Bxe3 37. Qxe3 Qb4 38. Rdc1 a5 39. Kg2 Rc5 40. a3 Qb7 41. Rxc4 Rxc4 42. Rxc4 Rxc4 43. Bxc4 Qxe4+ 44. Qxe4 Bxe4+ 45. f3 Bc2 46. Bd5 f5 47. gxf5 Bxf5 48. h4 g5 49. hxg5 hxg5 50. Kf2 Kg7 51. Ke3 Kf6 52. Kd2 Bd7 53. Be4 Ke7 54. Kc3 Kd6 55. Kc4 Bc6 56. Bxc6 Kxc6 57. a4 Kd6 58. Kb5 e4 59. fxe4 g4 0-1